W.E.B Du Bois (Record no. 119153)
[ view plain ]
| 000 -LEADER | |
|---|---|
| fixed length control field | 00408nam a22001337a 4500 |
| 008 - FIXED-LENGTH DATA ELEMENTS--GENERAL INFORMATION | |
| fixed length control field | 131210b xxu||||| |||| 00| 0 eng d |
| 050 ## - LIBRARY OF CONGRESS CALL NUMBER | |
| Classification number | E185.95.D73A25 1995 |
| 100 ## - MAIN ENTRY--PERSONAL NAME | |
| Personal name | Lewis, David L. |
| 9 (RLIN) | 5381 |
| 245 ## - TITLE STATEMENT | |
| Title | W.E.B Du Bois |
| Remainder of title | A Reader |
| Statement of responsibility, etc | David L. Lewis |
| 260 ## - PUBLICATION, DISTRIBUTION, ETC. (IMPRINT) | |
| Place of publication, distribution, etc | New York |
| Name of publisher, distributor, etc | Henry Holt and Company |
| Date of publication, distribution, etc | 1995 |
| 300 ## - PHYSICAL DESCRIPTION | |
| Extent | xiv, 801p. ; |
| Dimensions | 24cm. |
| 650 ## - SUBJECT ADDED ENTRY--TOPICAL TERM | |
| Topical term or geographic name as entry element | Afro-Americans |
| Geographic subdivision | Africa |
| 9 (RLIN) | 5382 |
| 942 ## - ADDED ENTRY ELEMENTS (KOHA) | |
| Source of classification or shelving scheme | Library of Congress Classification |
| Item type | Monograph ( Printed materials) |
| Withdrawn status | Lost status | Source of classification or shelving scheme | Damaged status | Not for loan | Home library | Current library | Date acquired | Total Checkouts | Full call number | Barcode | Date last seen | Price effective from | Koha item type |
|---|---|---|---|---|---|---|---|---|---|---|---|---|---|
| Library of Congress Classification | ARRUPE LIBRARY | ARRUPE LIBRARY | 10/12/2013 | E185.95.D73A25 1995 | 46411861 | 13/12/2017 | 10/12/2013 | Monograph ( Printed materials) |